[Event "Scarborough CC Howard Ridout U1800"]
[Site "Toronto CAN"]
[Date "2011.10.13"]
[Round "4"]
[White "Thanabalachandran, Luxiga"]
[Black "Termeer, Ted"]
[Result "0-1"]
[WhiteElo "866"]
[BlackElo "1387"]
[PlyCount "54"]
[GameId "2160767909648721"]
[EventDate "2011.09.08"]
[EventType "swiss"]
[EventRounds "6"]
[EventCountry "CAN"]
[SourceTitle "EXT 2022"]
[Source "ChessBase"]
[SourceDate "2021.10.06"]
[SourceVersion "1"]
[SourceVersionDate "2021.10.06"]
[SourceQuality "1"]

1. e4 e5 2. Nf3 d6 3. Nc3 Nf6 4. d3 Bg4 5. h3 Bh5 6. g4 Bg6 7. h4 h5 8. gxh5 Bxh5 9. Bg5 Be7 10. Bg2 Nc6 11. O-O Nd4 12. Re1 c6 13. Re3 Ng4 14. Re1 Bxg5 15. hxg5 f6 16. Nxd4 exd4 17. Ne2 fxg5 18. f4 Ne3 19. Qd2 Nxg2 20. Kxg2 Bxe2 21. Rxe2 g4 22. Rae1 Qh4 23. Kf1 Qh1+ 24. Kf2 Rh2+ 25. Kg3 Rh3+ 26. Kxg4 Qf3+ 27. Kg5 Qh5# 0-1

[Event "Scarborough CC Howard Ridout U1800"]
[Site "Toronto CAN"]
[Date "2011.10.13"]
[Round "4"]
[White "Vojnov, Miomir"]
[Black "Super, Russell"]
[Result "0-1"]
[WhiteElo "1633"]
[BlackElo "1384"]
[PlyCount "80"]
[GameId "2160767909648723"]
[EventDate "2011.09.08"]
[EventType "swiss"]
[EventRounds "6"]
[EventCountry "CAN"]
[SourceTitle "EXT 2022"]
[Source "ChessBase"]
[SourceDate "2021.10.06"]
[SourceVersion "1"]
[SourceVersionDate "2021.10.06"]
[SourceQuality "1"]

1. e4 e5 2. Nf3 Nc6 3. Nc3 Nf6 4. d4 exd4 5. Nxd4 Bb4 6. Nde2 Nxe4 7. a3 Nxc3 8. Nxc3 Ba5 9. b4 Bb6 10. Be2 Bxf2+ 11. Kxf2 Qf6+ 12. Bf3 Qxc3 13. Qe2+ Qe5 14. Bb2 Qxe2+ 15. Bxe2 O-O 16. Rhf1 d6 17. Kg1 Be6 18. Rf3 Ne5 19. Rg3 Bf5 20. Bd3 Bxd3 21. cxd3 f6 22. Rf1 Rae8 23. h3 Ng6 24. h4 Nxh4 25. Bxf6 Ng6 26. Bc3 Rxf1+ 27. Kxf1 b5 28. Kf2 c5 29. Rg5 Ne5 30. d4 cxd4 31. Bxd4 a6 32. Kg3 Re6 33. Kf4 Ng6+ 34. Kf5 Kf7 35. Rg3 d5 36. Kg5 Re4 37. Bc5 Ke6 38. Rd3 Ke5 39. g3 d4 40. g4 Nf4 0-1

[Event "Scarborough CC Howard Ridout U1800"]
[Site "Toronto CAN"]
[Date "2011.10.13"]
[Round "4"]
[White "Vyravanathan, Sobiga"]
[Black "Azmitia, Gabriel"]
[Result "0-1"]
[WhiteElo "1388"]
[BlackElo "1591"]
[PlyCount "48"]
[GameId "2160767909648724"]
[EventDate "2011.09.08"]
[EventType "swiss"]
[EventRounds "6"]
[EventCountry "CAN"]
[SourceTitle "EXT 2022"]
[Source "ChessBase"]
[SourceDate "2021.10.06"]
[SourceVersion "1"]
[SourceVersionDate "2021.10.06"]
[SourceQuality "1"]

1. e4 e5 2. Nf3 Nc6 3. Bb5 a6 4. Ba4 Nf6 5. O-O b5 6. Bb3 Be7 7. Re1 O-O 8. c3 d5 9. exd5 Nxd5 10. Nxe5 Nxe5 11. Rxe5 c6 12. d4 Bd6 13. Re1 Qh4 14. g3 Qh3 15. Bxd5 cxd5 16. Qf3 Be6 17. Qg2 Qh5 18. Nd2 Bh3 19. Qf3 Bg4 20. Qg2 Rae8 21. Rxe8 Rxe8 22. h4 Re1+ 23. Kh2 Qxh4+ 24. Qh3 Qxh3# 0-1

[Event "Scarborough CC Howard Ridout U1800"]
[Site "Toronto CAN"]
[Date "2011.10.13"]
[Round "4"]
[White "Wang, Eric1"]
[Black "Thanabalachandran, Kajan"]
[Result "0-1"]
[WhiteElo "1398"]
[BlackElo "1594"]
[PlyCount "100"]
[GameId "2160767909648725"]
[EventDate "2011.09.08"]
[EventType "swiss"]
[EventRounds "6"]
[EventCountry "CAN"]
[SourceTitle "EXT 2022"]
[Source "ChessBase"]
[SourceDate "2021.10.06"]
[SourceVersion "1"]
[SourceVersionDate "2021.10.06"]
[SourceQuality "1"]

1. d4 Nf6 2. c4 e6 3. Nf3 b6 4. g3 Bb7 5. Bg2 d5 6. b3 c5 7. cxd5 Nxd5 8. O-O Nd7 9. Bb2 N7f6 10. Nc3 Be7 11. Rc1 O-O 12. Na4 Bc6 13. Nc3 Rc8 14. Ne5 Nxc3 15. Bxc3 Bxg2 16. Kxg2 cxd4 17. Bxd4 Rxc1 18. Qxc1 Qxd4 19. Nc6 Qd7 20. Rd1 Qb7 21. Kg1 Bc5 22. Ne5 Rc8 23. Qf4 Qe4 24. Rc1 Qxf4 25. gxf4 Bxf2+ 26. Kxf2 Rxc1 27. Nd3 Rc2 28. a4 Ne4+ 29. Ke3 Nc3 30. Nb4 Rb2 31. Kd3 Nxe2 32. Nc6 Nxf4+ 33. Kc3 Rxh2 34. Nxa7 Rh3+ 35. Kc4 g5 36. Nc8 Nd5 37. Nd6 g4 38. Nc8 Rc3+ 39. Kb5 Rxc8 40. a5 Rc5+ 41. Ka6 Rxa5+ 42. Kb7 g3 43. b4 Nxb4 44. Kxb6 Rd5 45. Kc7 g2 46. Kb6 g1=Q+ 47. Kb7 Rd7+ 48. Kc8 Qd4 49. Kb8 Qb6+ 50. Kc8 Qb7# 0-1

[Event "Scarborough CC Howard Ridout U1800"]
[Site "Toronto CAN"]
[Date "2011.10.13"]
[Round "4"]
[White "Xiao, Jerry"]
[Black "Dattani, Dinesh"]
[Result "0-1"]
[WhiteElo "912"]
[BlackElo "1289"]
[PlyCount "52"]
[GameId "2160767909648726"]
[EventDate "2011.09.08"]
[EventType "swiss"]
[EventRounds "6"]
[EventCountry "CAN"]
[SourceTitle "EXT 2022"]
[Source "ChessBase"]
[SourceDate "2021.10.06"]
[SourceVersion "1"]
[SourceVersionDate "2021.10.06"]
[SourceQuality "1"]

1. d4 d5 2. c4 c6 3. cxd5 cxd5 4. Nc3 Nf6 5. Nf3 e6 6. Qd3 Bb4 7. a3 Be7 8. e4 dxe4 9. Nxe4 Nxe4 10. Qxe4 O-O 11. Bd3 g6 12. O-O Nd7 13. Ne5 Nf6 14. Qe3 Nd5 15. Qe4 Kg7 16. Ng4 Kg8 17. Bc4 f5 18. Nh6+ Kg7 19. Qe5+ Bf6 20. Qe2 Bg5 21. Bxd5 exd5 22. Bxg5 Qxg5 23. f4 Qxh6 24. Qe7+ Kg8 25. Qe5 Rd8 26. Qe7 Bd7 0-1

[Event "Scarborough CC Howard Ridout U1800"]
[Site "Toronto CAN"]
[Date "2011.10.13"]
[Round "4"]
[White "Yu, Tianxi"]
[Black "Veecock, Carl"]
[Result "0-1"]
[WhiteElo "980"]
[BlackElo "1323"]
[PlyCount "72"]
[GameId "2160767909648727"]
[EventDate "2011.09.08"]
[EventType "swiss"]
[EventRounds "6"]
[EventCountry "CAN"]
[SourceTitle "EXT 2022"]
[Source "ChessBase"]
[SourceDate "2021.10.06"]
[SourceVersion "1"]
[SourceVersionDate "2021.10.06"]
[SourceQuality "1"]

1. e4 e6 2. d4 Bb4+ 3. Bd2 Bxd2+ 4. Qxd2 Ne7 5. Nf3 Nbc6 6. Nc3 a6 7. d5 exd5 8. exd5 Na7 9. Bc4 b5 10. Be2 d6 11. O-O O-O 12. Nd4 Bd7 13. Bf3 Ng6 14. Rfe1 Ne5 15. Re4 Rb8 16. Bh5 g6 17. Be2 Re8 18. f4 Nc4 19. Bxc4 Rxe4 20. Nxe4 bxc4 21. b3 Nb5 22. Nc6 Bxc6 23. dxc6 d5 24. bxc4 dxe4 25. Qxd8+ Rxd8 26. cxb5 axb5 27. Kf2 Rd2+ 28. Ke3 Rxc2 29. Kxe4 Rxc6 30. h4 Rc2 31. g3 c5 32. Rb1 b4 33. Kd5 Rc3 34. Rg1 Rc2 35. Kc6 Kg7 36. Kd5 Kf6 0-1

[Event "Scarborough CC Howard Ridout U1800"]
[Site "Toronto CAN"]
[Date "2011.10.13"]
[Round "4"]
[White "Zhao, Harry"]
[Black "Kaneshalingam, Mathanhe"]
[Result "1/2-1/2"]
[WhiteElo "1357"]
[BlackElo "955"]
[PlyCount "106"]
[GameId "2160767909648728"]
[EventDate "2011.09.08"]
[EventType "swiss"]
[EventRounds "6"]
[EventCountry "CAN"]
[SourceTitle "EXT 2022"]
[Source "ChessBase"]
[SourceDate "2021.10.06"]
[SourceVersion "1"]
[SourceVersionDate "2021.10.06"]
[SourceQuality "1"]

1. e4 c5 2. Nf3 Nc6 3. d4 cxd4 4. Nxd4 g6 5. c3 Bg7 6. Nf3 e5 7. Be3 Nf6 8. Qc2 O-O 9. Bd3 d6 10. h3 Be6 11. O-O Qc7 12. Nbd2 Rac8 13. Nb3 a6 14. Rfd1 Rfe8 15. Qd2 d5 16. Ng5 dxe4 17. Nxe4 Nxe4 18. Bxe4 Red8 19. Qc2 Rxd1+ 20. Rxd1 Qe7 21. Bc5 Bxb3 22. Bxe7 Bxc2 23. Bxc2 Nxe7 24. Rd7 Nc6 25. Bb3 Rf8 26. Rxb7 Na5 27. Ra7 Nxb3 28. axb3 e4 29. Rxa6 Be5 30. g3 f5 31. b4 Rc8 32. Ra5 Bb8 33. b5 Rc5 34. Ra8 Rxb5 35. b4 Kf7 36. Kf1 Be5 37. Ra3 h5 38. Ra7+ Kg8 39. Ra3 f4 40. gxf4 Bxf4 41. Ke2 g5 42. f3 exf3+ 43. Kxf3 Rf5 44. Rb3 Bb8+ 45. Kg2 g4 46. hxg4 hxg4 47. c4 Rf4 48. c5 Rc4 49. Rb2 Be5 50. Re2 Bf4 51. Rb2 Be5 52. Re2 Bf4 53. Rb2 Be5 1/2-1/2

[Event "Scarborough CC Howard Ridout U1800"]
[Site "Toronto CAN"]
[Date "2011.10.13"]
[Round "4"]
[White "Zhong, Joey"]
[Black "Li, Michael"]
[Result "1/2-1/2"]
[WhiteElo "1313"]
[BlackElo "1445"]
[PlyCount "63"]
[GameId "2160767909648729"]
[EventDate "2011.09.08"]
[EventType "swiss"]
[EventRounds "6"]
[EventCountry "CAN"]
[SourceTitle "EXT 2022"]
[Source "ChessBase"]
[SourceDate "2021.10.06"]
[SourceVersion "1"]
[SourceVersionDate "2021.10.06"]
[SourceQuality "1"]

1. d4 d5 2. c4 c6 3. Nc3 Nf6 4. Bg5 Bf5 5. Nf3 e6 6. e3 Be7 7. Bd3 Bxd3 8. Qxd3 O-O 9. O-O b6 10. cxd5 cxd5 11. Rac1 Nc6 12. Ne2 Rc8 13. a3 Ne4 14. Bxe7 Qxe7 15. Nc3 Nd6 16. Nd2 Rc7 17. Nb5 Nxb5 18. Qxb5 Rfc8 19. Rc3 h6 20. Rfc1 Na5 21. Qd3 Qd6 22. b4 Nb7 23. f4 Qd7 24. Nf3 f6 25. R1c2 Nd6 26. Nd2 Rxc3 27. Rxc3 Rxc3 28. Qxc3 Qc8 29. Qxc8+ Nxc8 30. a4 Nd6 31. Kf2 Nf7 32. Ke2 1/2-1/2

[Event "Scarborough CC Howard Ridout U1800"]
[Site "Toronto CAN"]
[Date "2011.10.20"]
[Round "5"]
[White "Deng, Yi"]
[Black "Raphael, Raymond"]
[Result "0-1"]
[WhiteElo "938"]
[BlackElo "1715"]
[PlyCount "78"]
[GameId "2160767909648730"]
[EventDate "2011.09.08"]
[EventType "swiss"]
[EventRounds "6"]
[EventCountry "CAN"]
[SourceTitle "EXT 2022"]
[Source "ChessBase"]
[SourceDate "2021.10.06"]
[SourceVersion "1"]
[SourceVersionDate "2021.10.06"]
[SourceQuality "1"]

1. e4 c5 2. Nf3 Nc6 3. Bc4 e6 4. d3 Na5 5. Bd2 Nxc4 6. dxc4 d6 7. Nc3 h6 8. h3 b6 9. Be3 Bb7 10. O-O Ne7 11. a3 Nc6 12. Bf4 Be7 13. e5 dxe5 14. Bxe5 Nxe5 15. Nxe5 O-O 16. b4 cxb4 17. axb4 Bxb4 18. Qxd8 Rfxd8 19. Nb5 a6 20. Nc7 Rac8 21. Nxa6 Bc3 22. Rae1 Bxa6 23. Re3 Bxe5 24. Rxe5 Rxc4 25. Rc1 Rdc8 26. Re2 Rd4 27. Ree1 Rdc4 28. Re2 Bb7 29. f3 Bd5 30. Kf2 b5 31. Ke1 b4 32. Kd2 Rd4+ 33. Ke3 Rdc4 34. Kd3 Rc3+ 35. Kd2 b3 36. Kd1 bxc2+ 37. Kd2 Bb3 38. Re5 R3c5 39. Re4 Rd8+ 0-1

[Event "Scarborough CC Howard Ridout U1800"]
[Site "Toronto CAN"]
[Date "2011.10.20"]
[Round "5"]
[White "Frias, Evnato"]
[Black "Thanabalachandran, Luxiga"]
[Result "1-0"]
[WhiteElo "1125"]
[BlackElo "866"]
[PlyCount "45"]
[GameId "2160767909648731"]
[EventDate "2011.09.08"]
[EventType "swiss"]
[EventRounds "6"]
[EventCountry "CAN"]
[SourceTitle "EXT 2022"]
[Source "ChessBase"]
[SourceDate "2021.10.06"]
[SourceVersion "1"]
[SourceVersionDate "2021.10.06"]
[SourceQuality "1"]

1. e4 e6 2. d4 d5 3. e5 Nc6 4. Nf3 Bd7 5. Bd3 Nge7 6. Bg5 h6 7. Bh4 Nb4 8. a3 Nxd3+ 9. Qxd3 Bc6 10. Nbd2 Qd7 11. Nb3 O-O-O 12. Nc5 Qe8 13. b4 Nf5 14. Bxd8 Qxd8 15. b5 Bxc5 16. dxc5 Bd7 17. a4 b6 18. c6 Be8 19. a5 bxa5 20. Rxa5 Kb8 21. Qa3 Kc8 22. Rxa7 Qe7 23. Ra8# 1-0

[Event "Scarborough CC Howard Ridout U1800"]
[Site "Toronto CAN"]
[Date "2011.10.20"]
[Round "5"]
[White "Guo, Thomas"]
[Black "Zhao, Harry"]
[Result "1/2-1/2"]
[WhiteElo "993"]
[BlackElo "1357"]
[PlyCount "106"]
[GameId "2160767909648732"]
[EventDate "2011.09.08"]
[EventType "swiss"]
[EventRounds "6"]
[EventCountry "CAN"]
[SourceTitle "EXT 2022"]
[Source "ChessBase"]
[SourceDate "2021.10.06"]
[SourceVersion "1"]
[SourceVersionDate "2021.10.06"]
[SourceQuality "1"]

1. e4 c5 2. Nf3 Nc6 3. Nc3 Nf6 4. e5 Ng4 5. Qe2 d6 6. exd6 Qxd6 7. Nb5 Qd8 8. h3 Nf6 9. Qd3 Bd7 10. Qb3 e6 11. d3 a6 12. Na3 Qc7 13. Nc4 b5 14. Ne3 Be7 15. g3 O-O 16. Ng4 Nxg4 17. hxg4 e5 18. c4 b4 19. Qc2 g6 20. Ng1 Bxg4 21. f3 e4 22. Qh2 Bh5 23. dxe4 f5 24. Bf4 Bd6 25. Bxd6 Qxd6 26. Ke2 Rad8 27. Ke1 Rf7 28. f4 Re7 29. e5 Nxe5 30. fxe5 Rxe5+ 31. Be2 Qd2+ 32. Kf1 Qxb2 33. Re1 Qxa2 34. g4 f4 35. gxh5 g5 36. Nf3 Rf5 37. Qh3 Qc2 38. Nxg5 Kh8 39. Ne6 Rd6 40. Bg4 Qxc4+ 41. Kg1 Rf6 42. h6 b3 43. Nxf4 Qxf4 44. Re8+ Rf8 45. Qc3+ Rd4 46. Rxf8+ Qxf8 47. Be2 Qg8+ 48. Kf2 Qd5 49. Rh5 Qf7+ 50. Ke1 Qf6 51. Rxc5 Qh4+ 52. Kf1 Qh1+ 53. Kf2 Qh2+ 1/2-1/2

[Event "Scarborough CC Howard Ridout U1800"]
[Site "Toronto CAN"]
[Date "2011.10.20"]
[Round "5"]
[White "Kaneshalingam, Mathanhe"]
[Black "Ming, Wenyang"]
[Result "0-1"]
[WhiteElo "955"]
[BlackElo "1182"]
[PlyCount "100"]
[GameId "2160767909648733"]
[EventDate "2011.09.08"]
[EventType "swiss"]
[EventRounds "6"]
[EventCountry "CAN"]
[SourceTitle "EXT 2022"]
[Source "ChessBase"]
[SourceDate "2021.10.06"]
[SourceVersion "1"]
[SourceVersionDate "2021.10.06"]
[SourceQuality "1"]

1. d4 d5 2. c4 e6 3. Nc3 Nf6 4. Bg5 Be7 5. Nf3 h6 6. Bh4 O-O 7. e3 Nc6 8. Qc2 a6 9. Bd3 Nb4 10. Qd2 Nxd3+ 11. Qxd3 c6 12. O-O b5 13. cxd5 cxd5 14. Bxf6 Bxf6 15. e4 dxe4 16. Qxe4 Rb8 17. Rad1 Bb7 18. Qe3 Re8 19. Ne2 Qe7 20. Rfe1 Bxf3 21. Qxf3 Qb7 22. Qxb7 Rxb7 23. h3 Rd8 24. Rd3 Rc7 25. a3 Rc4 26. Rc3 Bxd4 27. Rxc4 bxc4 28. Nxd4 Rxd4 29. Rc1 Kf8 30. g3 Ke7 31. Kg2 Kd6 32. Kf3 Kd5 33. Ke3 e5 34. Ke2 f5 35. f3 Rd3 36. g4 f4 37. Rd1 Rxd1 38. Kxd1 Kd4 39. Kd2 e4 40. fxe4 Kxe4 41. Ke2 f3+ 42. Kf2 Kf4 43. Kf1 Ke3 44. Ke1 g5 45. a4 a5 46. Kf1 f2 47. b3 cxb3 48. h4 b2 49. hxg5 b1=Q+ 50. Kg2 f1=Q+ 0-1

[Event "Scarborough CC Howard Ridout U1800"]
[Site "Toronto CAN"]
[Date "2011.10.20"]
[Round "5"]
[White "Karpik, Steve"]
[Black "Aghamalian, Derick"]
[Result "1-0"]
[WhiteElo "1425"]
[BlackElo "1604"]
[PlyCount "73"]
[GameId "2160767909648734"]
[EventDate "2011.09.08"]
[EventType "swiss"]
[EventRounds "6"]
[EventCountry "CAN"]
[SourceTitle "EXT 2022"]
[Source "ChessBase"]
[SourceDate "2021.10.06"]
[SourceVersion "1"]
[SourceVersionDate "2021.10.06"]
[SourceQuality "1"]

1. Nf3 d5 2. c4 Nf6 3. g3 Bf5 4. d3 e6 5. Bg2 dxc4 6. Qa4+ Qd7 7. Qxd7+ Nbxd7 8. dxc4 Rd8 9. Bf4 Bd6 10. Bxd6 cxd6 11. Nc3 b6 12. Nb5 Nc5 13. Rd1 d5 14. Nc7+ Kd7 15. Nb5 Ke8 16. Ne5 Na6 17. cxd5 exd5 18. Nc6 Rd7 19. O-O Be6 20. Nbxa7 Nc7 21. Nc8 Na8 22. Rc1 Rc7 23. N6a7 Bxc8 24. Rxc7 Nxc7 25. Nxc8 Nd7 26. Rc1 Kd8 27. Nd6 Rf8 28. Nb7+ Kc8 29. Nd6+ Kb8 30. Nf5 g6 31. Ne7 Re8 32. Nc6+ Kb7 33. e3 Nc5 34. Nb4 Rd8 35. Rd1 Ne4 36. Bxe4 f5 37. Bg2 1-0

[Event "Scarborough CC Howard Ridout U1800"]
[Site "Toronto CAN"]
[Date "2011.10.20"]
[Round "5"]
[White "Li, Robert"]
[Black "Wu, Mark"]
[Result "1-0"]
[WhiteElo "1355"]
[BlackElo "977"]
[PlyCount "59"]
[GameId "2160767909648735"]
[EventDate "2011.09.08"]
[EventType "swiss"]
[EventRounds "6"]
[EventCountry "CAN"]
[SourceTitle "EXT 2022"]
[Source "ChessBase"]
[SourceDate "2021.10.06"]
[SourceVersion "1"]
[SourceVersionDate "2021.10.06"]
[SourceQuality "1"]

1. e4 e5 2. Nf3 Nf6 3. Nc3 d6 4. d4 exd4 5. Nxd4 d5 6. exd5 Nxd5 7. Ndb5 Bb4 8. a3 Qe7+ 9. Be2 Nxc3 10. bxc3 Bd6 11. O-O Qe5 12. Nxd6+ cxd6 13. Bf3 Qxc3 14. Re1+ Kd8 15. Qxd6+ Nd7 16. Bf4 Re8 17. Red1 Qb2 18. Qc7+ Ke7 19. Rab1 Qf6 20. Re1+ Kf8 21. Bd6+ Re7 22. Bxe7+ Qxe7 23. Rxe7 Kxe7 24. Re1+ Kf6 25. Qf4+ Kg6 26. Be4+ f5 27. Qxf5+ Kh6 28. Re3 Nf6 29. Rh3+ Nh5 30. Qxh5# 1-0

[Event "Scarborough CC Howard Ridout U1800"]
[Site "Toronto CAN"]
[Date "2011.10.20"]
[Round "5"]
[White "Lin, William"]
[Black "Chen, George"]
[Result "1-0"]
[WhiteElo "1362"]
[BlackElo "1227"]
[PlyCount "111"]
[GameId "2160767909648736"]
[EventDate "2011.09.08"]
[EventType "swiss"]
[EventRounds "6"]
[EventCountry "CAN"]
[SourceTitle "EXT 2022"]
[Source "ChessBase"]
[SourceDate "2021.10.06"]
[SourceVersion "1"]
[SourceVersionDate "2021.10.06"]
[SourceQuality "1"]

1. e4 c5 2. Nf3 Nc6 3. d4 cxd4 4. Nxd4 Nf6 5. Nc3 e5 6. Nf3 Bb4 7. Bd3 O-O 8. Bd2 d6 9. O-O Bg4 10. a3 Ba5 11. b4 Bb6 12. Be2 Qd7 13. Bg5 Ne8 14. Bh4 Bxf3 15. Bxf3 Bd4 16. Qd3 Bxc3 17. Qxc3 Rc8 18. Qd3 Nd4 19. Rac1 Nxf3+ 20. Qxf3 Nc7 21. c4 b6 22. Qd3 Ne6 23. Bg3 Nd4 24. f4 f6 25. Bf2 Nc6 26. Rfd1 Rfd8 27. fxe5 fxe5 28. c5 bxc5 29. bxc5 Qg4 30. cxd6 h6 31. h3 Qd7 32. Kh1 Rf8 33. Bg3 Rfe8 34. Bf2 Red8 35. Qg3 Re8 36. Qg4 Re6 37. Rc5 Rd8 38. Rxc6 Kh7 39. Rc7 Qxc7 40. dxc7 Rxd1+ 41. Qxd1 Rc6 42. Qd7 Rc1+ 43. Kh2 a6 44. c8=Q Rxc8 45. Qxc8 a5 46. Qa6 a4 47. Qxa4 Kg6 48. Qc6+ Kh7 49. a4 h5 50. a5 g6 51. a6 Kh6 52. Be3+ Kg7 53. a7 h4 54. a8=Q g5 55. Qab7+ Kf8 56. Qcc8# 1-0

[Event "Scarborough CC Howard Ridout U1800"]
[Site "Toronto CAN"]
[Date "2011.10.20"]
[Round "5"]
[White "Liu, Peter"]
[Black "Roy, Lawrence"]
[Result "0-1"]
[WhiteElo "1298"]
[BlackElo "1038"]
[PlyCount "78"]
[GameId "2160767909648737"]
[EventDate "2011.09.08"]
[EventType "swiss"]
[EventRounds "6"]
[EventCountry "CAN"]
[SourceTitle "EXT 2022"]
[Source "ChessBase"]
[SourceDate "2021.10.06"]
[SourceVersion "1"]
[SourceVersionDate "2021.10.06"]
[SourceQuality "1"]

1. e4 e5 2. Nf3 Nf6 3. c3 Nc6 4. Bb5 d6 5. d3 Bd7 6. Bg5 Be7 7. O-O O-O 8. Nbd2 h6 9. Bh4 Re8 10. h3 d5 11. Bxc6 Bxc6 12. Nxe5 dxe4 13. Nxc6 bxc6 14. Bxf6 Bxf6 15. Nxe4 Be7 16. d4 Qc8 17. Qf3 Bd6 18. Rfe1 Rb8 19. b4 Re7 20. Nxd6 Rxe1+ 21. Rxe1 cxd6 22. Re7 Qf8 23. Rxa7 Qe8 24. Qf4 Rd8 25. a4 Ra8 26. Rc7 Rxa4 27. Qxd6 Ra1+ 28. Kh2 Qe1 29. Qf4 Qe6 30. Qg4 Qd6+ 31. Qg3 Qd5 32. Qe5 Qb3 33. Qe8+ Kh7 34. Qxf7 Qxf7 35. Rxf7 Rc1 36. Rf3 g5 37. Kg3 Kg7 38. Kg4 Kg6 39. g3 h5# 0-1

[Event "Scarborough CC Howard Ridout U1800"]
[Site "Toronto CAN"]
[Date "2011.10.20"]
[Round "5"]
[White "Maister, Martin"]
[Black "Zhong, Joey"]
[Result "0-1"]
[WhiteElo "1673"]
[BlackElo "1313"]
[PlyCount "104"]
[GameId "2160767909648738"]
[EventDate "2011.09.08"]
[EventType "swiss"]
[EventRounds "6"]
[EventCountry "CAN"]
[SourceTitle "EXT 2022"]
[Source "ChessBase"]
[SourceDate "2021.10.06"]
[SourceVersion "1"]
[SourceVersionDate "2021.10.06"]
[SourceQuality "1"]

1. c4 e6 2. Nf3 Nf6 3. d4 b6 4. Nc3 Bb7 5. e3 Bb4 6. Bd3 Bxc3+ 7. bxc3 d5 8. O-O O-O 9. cxd5 Nxd5 10. Bb2 Nd7 11. e4 Nf4 12. Bc2 Qe7 13. Qd2 Ng6 14. a4 Qd8 15. c4 Nh4 16. Nxh4 Qxh4 17. d5 Rfe8 18. dxe6 Nc5 19. exf7+ Kxf7 20. f3 Re6 21. g3 Qe7 22. Qf4+ Kg8 23. Ba3 Ba6 24. Qe3 Rc6 25. Bxc5 Rxc5 26. Bb3 Bxc4 27. Bxc4+ Rxc4 28. Rac1 Rxc1 29. Rxc1 Rd8 30. Qb3+ Kf8 31. Qc3 c5 32. a5 Rd4 33. axb6 axb6 34. Ra1 Qd6 35. Ra8+ Kf7 36. Ra7+ Kg6 37. Ra2 Rd3 38. Qc2 Rxf3 39. e5+ Qd3 40. Qxd3+ Rxd3 41. Ra6 Kf5 42. Rxb6 Kxe5 43. Rb7 c4 44. Rxg7 c3 45. Rc7 Kd4 46. Rd7+ Ke3 47. Re7+ Kd2 48. Kf2 c2 49. Re2+ Kc3 50. Re1 Rd1 51. Re3+ Kb2 52. Re2 Kb1 0-1

[Event "Scarborough CC Howard Ridout U1800"]
[Site "Toronto CAN"]
[Date "2011.10.20"]
[Round "5"]
[White "Mesiti, Silvano"]
[Black "Thornton, Bill"]
[Result "0-1"]
[WhiteElo "1667"]
[BlackElo "1251"]
[PlyCount "96"]
[GameId "2160767909648739"]
[EventDate "2011.09.08"]
[EventType "swiss"]
[EventRounds "6"]
[EventCountry "CAN"]
[SourceTitle "EXT 2022"]
[Source "ChessBase"]
[SourceDate "2021.10.06"]
[SourceVersion "1"]
[SourceVersionDate "2021.10.06"]
[SourceQuality "1"]

1. e4 e5 2. Nf3 Nc6 3. Nc3 Bc5 4. Bc4 Nf6 5. O-O O-O 6. d3 h6 7. a3 a6 8. Bd2 d6 9. h3 Qe7 10. Qc1 Kh7 11. Be3 Bxe3 12. fxe3 Be6 13. Nd5 Qd8 14. Qe1 Ng8 15. Qg3 Nce7 16. Ba2 c6 17. Nc3 Qb6 18. Nd1 Bxa2 19. Rxa2 f5 20. Nd2 f4 21. Qe1 Ng6 22. Nc4 Qd8 23. exf4 Nxf4 24. Nde3 b5 25. Nd2 d5 26. Kh2 d4 27. Nf5 g6 28. Ng3 Qg5 29. Nf3 Qf6 30. Kh1 g5 31. Ng1 Ne7 32. N3e2 Qe6 33. Qg3 Neg6 34. Nxf4 Nxf4 35. b3 Rf6 36. Rf2 Rg8 37. Qg4 Qe7 38. a4 h5 39. Qd1 g4 40. Rf1 gxh3 41. Rxf4 exf4 42. Qxh5+ Rh6 43. Qf5+ Kh8 44. Nxh3 Qh4 45. Qe5+ Rf6 46. Kg1 f3 47. Nf4 Qxf4 48. Qh5+ Qh6 0-1

[Event "Scarborough CC Howard Ridout U1800"]
[Site "Toronto CAN"]
[Date "2011.10.20"]
[Round "5"]
[White "Paraparan, Varshini"]
[Black "Pishdad, Hassan"]
[Result "0-1"]
[WhiteElo "927"]
[BlackElo "1338"]
[PlyCount "64"]
[GameId "2160767909648742"]
[EventDate "2011.09.08"]
[EventType "swiss"]
[EventRounds "6"]
[EventCountry "CAN"]
[SourceTitle "EXT 2022"]
[Source "ChessBase"]
[SourceDate "2021.10.06"]
[SourceVersion "1"]
[SourceVersionDate "2021.10.06"]
[SourceQuality "1"]

1. e4 c5 2. Nf3 Nc6 3. d4 d5 4. dxc5 e6 5. exd5 exd5 6. Be3 Be6 7. Bb5 a6 8. Ba4 Qa5+ 9. Nc3 Bxc5 10. Ne5 Nge7 11. Nxc6 Nxc6 12. Bxc5 Qxc5 13. Bb3 Rd8 14. O-O O-O 15. Re1 b5 16. Ne2 d4 17. Bxe6 fxe6 18. Qd2 d3 19. Nf4 dxc2 20. Qc1 e5 21. Ne6 Qxf2+ 22. Kh1 Rd2 23. Rg1 Rf3 24. Ng5 Rf4 25. Nh3 Qe2 26. Nxf4 exf4 27. Qf1 g5 28. Qxe2 Rxe2 29. Rge1 Rd2 30. Re8+ Kf7 31. Ra8 Rd1+ 32. Rxd1 cxd1=Q# 0-1

[Event "Scarborough CC Howard Ridout U1800"]
[Site "Toronto CAN"]
[Date "2011.10.20"]
[Round "5"]
[White "Patel, Alay"]
[Black "Maurer, Hans"]
[Result "0-1"]
[WhiteElo "936"]
[BlackElo "1018"]
[PlyCount "48"]
[GameId "2160767909648743"]
[EventDate "2011.09.08"]
[EventType "swiss"]
[EventRounds "6"]
[EventCountry "CAN"]
[SourceTitle "EXT 2022"]
[Source "ChessBase"]
[SourceDate "2021.10.06"]
[SourceVersion "1"]
[SourceVersionDate "2021.10.06"]
[SourceQuality "1"]

1. d3 e5 2. e4 Nf6 3. Nf3 h6 4. Nxe5 d6 5. Nc4 Be6 6. Na5 b6 7. Nc6 Nxc6 8. d4 d5 9. Bb5 Bd7 10. exd5 Qe7+ 11. Be3 Nxd5 12. O-O Nxe3 13. fxe3 Qxe3+ 14. Kh1 O-O-O 15. Ba6+ Kb8 16. d5 Nb4 17. Rf3 Qe4 18. Nc3 Qe5 19. a3 Nxa6 20. Rd3 Re8 21. d6 Bxd6 22. a4 Bc6 23. Nb5 Qe4 24. Nxd6 Qxg2# 0-1